|
|
|
|
| LEADER |
00000nam0a2200000 4500 |
| 001 |
167646 |
| 005 |
20231031162845.0 |
| 035 |
|
|
|a (RuTPU)RU\TPU\book\181873
|
| 090 |
|
|
|a 167646
|
| 100 |
|
|
|a 20091017d1969 k y0rusy50 ca
|
| 101 |
0 |
|
|a rus
|
| 102 |
|
|
|a RU
|
| 105 |
|
|
|a a z 001zy
|
| 200 |
1 |
|
|a Физико-технические основы космических исследований
|f М. Г. Крошкин
|
| 210 |
|
|
|a Москва
|c Машиностроение
|d 1969
|
| 215 |
|
|
|a 288 с.
|c ил.
|
| 320 |
|
|
|a Библиогр.: с. 283-287.
|
| 610 |
1 |
|
|a космическое пространство
|
| 610 |
1 |
|
|a физика
|
| 610 |
1 |
|
|a летательные аппараты
|
| 610 |
1 |
|
|a космические аппараты
|
| 610 |
1 |
|
|a космические летательные аппараты
|
| 610 |
1 |
|
|a физико-технические основы
|
| 610 |
1 |
|
|a космические исследования
|
| 675 |
|
|
|a 629.19
|v 3
|
| 700 |
|
1 |
|a Крошкин
|b М. Г.
|g Михаил Галактионович
|
| 801 |
|
1 |
|a RU
|b 63413507
|c 20091017
|
| 801 |
|
2 |
|a RU
|b 63413507
|c 20210415
|g RCR
|
| 942 |
|
|
|c BK
|